Titres de dirigeants - Statistiques

Statistiques générales
  • Ce quiz a été pris 624 fois
  • Le résultat moyen est 8 sur 13
Statistiques - réponses
dirigeant Titre % Correct
Titre des monarques slaves, surtout en Russie Tsar
99%
Chef du gouvernement en Allemagne Chancelier
83%
Souverain de l'Égypte antique (3150 BC-30 BC) Pharaon
80%
Titre du souverain de Monaco Prince
80%
Noble titre de haut poste dans les pays arabes en ex. Émirats arabes unis Emir
74%
Équivalent féminin, généralement la femme de l'ci-dessus ^ Tsarine
69%
Chef religieux des musulmans Imam
65%
Titre des souverains de l'Empire ottoman Sultan
62%
Personne qui exerce un ministère sacré dans une religion (f.ex. chrétien, juif, shinto etc.) Prêtre
44%
Érudit et docteur des lois juives, de l'étude de la Torah et du Talmud Rabbi
44%
Titre de prince ou roi, chez les Turco-Mongols Khan
40%
Un enseignant du bouddhisme tibétain Lama
34%
Titre chiites de haut rang, expert en études islamiques Ayatollah
26%
Aucun quiz correspondant
Distribution des résultats
% des personnes avec chaque résultat
Percentile par nombre de réponses
Votre historique - résultats
Vous n’avez pas pris ce quiz